00364nam a2200121Ia 4500008004100000245010100041260001700142260000900159300000900168650002300177650001200200856003000212170516s9999 xx 000 0 und d aAssessing Therapeutic Potential of Magnetic Mesoporous Nanoassemblies for Chemo-Resistant Tumors bTheranostics c2016 a6:10 xMedical Technology xMedtech uhttp://www.thno.org/v6i10